La nueva economía de la integración americana : tasas de interés, devaluaciones y alianzas, coordinación macroeconómica /

Guardado en:
書目詳細資料
Autores principales: Petrecolla, Alberto, Neumeyer, Pablo Andrés, Sturzenegger, Federico
格式: 未知
語言:Spanish
出版: Buenos Aires : La Crujía, 2004.
版:1. edición
叢編:(Colección Ayacucho. Documento de trabajo ; 9)
主題:
標簽: 添加標簽
沒有標簽, 成為第一個標記此記錄!

MARC

LEADER 000000000a22000000004500
001 003443
020 |a 9871004397 
041 0 |a spa 
082 0 4 |a 338.98   |b P493n 
100 1 |a Petrecolla, Alberto 
100 1 |a Neumeyer, Pablo Andrés 
100 1 |a Sturzenegger, Federico 
245 1 3 |a La nueva economía de la integración americana :   |b tasas de interés, devaluaciones y alianzas, coordinación macroeconómica /   |c Alberto Petrecolla, Pablo Andrés Neumeyer, Federico Sturzenegger. 
250 |a 1. edición 
260 1 |a Buenos Aires :   |b La Crujía,   |c 2004. 
300 |a 182 páginas :   |b ilustraciones 
490 1 |a (Colección Ayacucho. Documento de trabajo ;   |v 9) 
500 |a "Proyecto Actores y Coaliciones en la Integración Latinoamericana" 
500 |a Colección George Yudice 
650 4 |a AMERICA LATINA 
650 4 |a CONDICIONES ECONOMICAS 
650 4 |a 1982- 
999 |c 9667  |d 9667 
942 |c BK  |h 338.98 P493n  |2 z